Pražské veduty 18. století = Prague vedute of the 18th century /

Hlavní autor: Lukas, Jiří, 1951-
Další autoři: Přikrylová, Miroslava, 1954-, Kasíková, Lucie
Jazyk: Němčina
Čeština
Angličtina
Vydáno: [Praha] : Muzeum hlavního města Prahy, [2017]
Témata:
Fyzický popis: Přibližně 500 stran : ilustrace, faksimile ; 34 cm
Language note: Souběžný anglický text
Knihy
Uloženo v:
LEADER 02471nam a2200661 i 4500
001 nkc20172896856
003 CZ PrNK
005 20210504134709.0
007 ta
008 170525t20172017xr ah e c 001 0dcze
015 |a cnb002896856 
020 |a 978-80-87828-26-7  |q (vázáno) 
035 |a (OCoLC)993646506 
040 |a ABA001  |b cze  |e rda 
041 1 |a cze  |a eng  |a cze  |a eng  |a ger  |h cze  |h cze 
043 |a e-xr---  |b e-xr-pg  |2 czenas 
045 |a v-v- 
072 7 |a 76  |x Grafické umění. Grafika  |2 Konspekt  |9 21 
080 |a 76(4)  |2 MRF 
080 |a 7.047  |2 MRF 
080 |a (437.311)  |2 MRF 
080 |a (083.8)  |2 MRF 
080 |a (083.82)  |2 MRF 
080 |a (084.11)  |2 MRF 
100 1 |a Lukas, Jiří,  |d 1951-  |7 jn20000401660  |4 aut 
245 1 0 |a Pražské veduty 18. století =  |b Prague vedute of the 18th century /  |c Jiří Lukas, Miroslava Přikrylová ; překlad do anglického jazyka Lucie Kasíková 
246 3 1 |a Prague vedute of the 18th century 
264 1 |a [Praha] :  |b Muzeum hlavního města Prahy,  |c [2017] 
264 4 |c ©2017 
300 |a Přibližně 500 stran :  |b ilustrace, faksimile ;  |c 34 cm 
336 |a text  |b txt  |2 rdacontent 
336 |a statický obraz  |b sti  |2 rdacontent 
337 |a bez média  |b n  |2 rdamedia 
338 |a svazek  |b nc  |2 rdacarrier 
504 |a Obsahuje bibliografii a rejstříky 
546 |a Souběžný anglický text 
648 7 |a 18. století  |7 ch460556  |2 czenas 
650 0 7 |a veduty  |7 ph127003  |z Česko  |y 18. století  |2 czenas 
650 0 7 |a evropská grafika  |7 ph120059  |y 18. století  |2 czenas 
650 0 9 |a town views  |z Czechia  |y 18th century  |2 eczenas 
650 0 9 |a European prints  |y 18th century  |2 eczenas 
651 7 |a Praha (Česko)  |7 ge118011  |2 czenas 
651 9 |a Prague (Czechia)  |2 eczenas 
655 7 |a soupisy  |7 fd133560  |2 czenas 
655 7 |a katalogy  |7 fd132535  |2 czenas 
655 7 |a obrazové publikace  |7 fd132947  |2 czenas 
655 9 |a inventories  |2 eczenas 
655 9 |a catalogs  |2 eczenas 
655 9 |a pictorial works  |2 eczenas 
700 1 2 |a Lukas, Jiří,  |d 1951-  |t Pražské veduty 18. století 
700 1 2 |a Lukas, Jiří,  |d 1951-  |t Pražské veduty 18. století.  |l Anglicky 
700 1 |a Přikrylová, Miroslava,  |d 1954-  |7 xx0023752  |4 aut 
700 1 |a Kasíková, Lucie  |7 xx0201780  |4 trl 
910 2 |a BOA001  |b 4-1390.295 
990 |a BK 
995 |a 01 
991 |b 201706  |c NOV 
996 6 |b 2610709923  |c 4-1390.295  |l MZK  |r Sklad / do 1 hodiny  |n 3  |p p.v.  |w 001614999  |u 000010  |a 1  |e BOA001  |j MZK50  |s P